000 00864nam a2200289 i 4500
001 bg
245 0 0 _aWprowadzenie do .NET /
_cJames Conard [et al.] ; przekł. z jęz. ang. Piotr Pęzik.
246 _iTyt. oryg.:
_aIntroducing .NET
260 _aWarszawa :
_b"Mikom",
_c2002.
300 _a495 s. ;
_c24 cm.
500 _aTyt. oryg.: "Introducing .NET".
504 _aIndeks.
650 9 _aC# (język programowania)
650 9 _aVisual Basic
650 9 _aXML
650 9 _aActive Server Pages
650 9 _aStrony www
_xprogramowanie
655 _aPodręczniki
020 _a8372792070
040 _cBPK
041 1 _apol
_heng
080 _a004.438A/Z:004.738.52](07)
920 _a83-7279-207-0
942 _cKS
008 s pl f |000 0 pol
999 _c43357
_d43357
856 _uhttp://koha.tu.koszalin.pl/cgi-bin/koha/opac-detail.pl?biblionumber=43357
_yKatalog online BPK